000 00658cab a2200193 4500
001 ABS42517
008 090401t1990 xxu||||| |||| 00| 0 eng d
035 _a(Sirsi) u37403
041 _aeng
100 _aBransbury, L.
245 4 _aThe greening of civil engineering
260 _c1990
350 _a0
490 _aCivil Engineering Surveyor
_v15(3) April 1990, 24-25(2)
520 _aDefends the construction industry against disregard for the environment with reference to environmental impact studies , and other initiatives taken by construction companies.
690 _aENVIRONMENTAL AND LAND CONSULTANCY
942 _n0
948 _c04/03/1997
999 _c24182
_d24182